Zpráva o měnovém vývoji v České republice za první čtvrtletí 1995

Salvato in:
Dettagli Bibliografici
Natura: Libro
Lingua:ceco
Pubblicazione: Praha Česká národní banka 1995
Edizione:1. vyd.
Soggetti:
Tags: Aggiungi Tag
Nessun Tag, puoi essere il primo ad aggiungerne!!

MARC

LEADER 00000nam a2200000 4500
001 c010750
005 20221205133750.9
041 0 |a cze 
044 |a CZ 
245 1 0 |a Zpráva o měnovém vývoji v České republice za první čtvrtletí 1995 
250 |a 1. vyd. 
264 1 |a Praha  |b Česká národní banka  |c 1995 
300 |a 78 s. 
610 2 0 |a mena 
610 2 0 |a politika menová 
610 2 0 |a Česko 
610 2 0 |a banky 
610 2 0 |a trh finančný 
610 2 0 |a vývoj hospodársky 
610 2 0 |a 1995 
610 2 0 |a január-marec 
610 2 0 |a ČNB Praha